000 00562nam a22001937a 4500
999 _c12417
_d12417
003 AR-CdUCM
008 190328b ||||| |||| 00| 0 spa d
040 _aMUNICIPALIDAD PROVINCIAL DEL CUSCO
_cBIBLIOTECA MUNICIPAL DEL CUSCO
082 _aEP / 828.82 /
_bD73
100 _aDickens, Charles
_9500
245 _aCanción de Navidad /
260 _aPerú :
_bCultura peruana.
_c2003.
300 _a159 páginas ;
_c16 cm
505 _aContenido: Cuento
650 _aLiteratura
_9416
650 _aCuentos peruanos
_97
942 _2ddc
_cLIBROS
945 _arum